Fabrication of copper and copper semis in developing countries : (Record no. 131815)
[ view plain ]
| 000 -LEADER | |
|---|---|
| fixed length control field | 00619cam4a220019300 4500 |
| 001 - CONTROL NUMBER | |
| control field | tmp15939081 |
| 003 - CONTROL NUMBER IDENTIFIER | |
| control field | UPRA |
| 005 - DATE AND TIME OF LATEST TRANSACTION | |
| control field | 20190822110127.0 |
| 008 - FIXED-LENGTH DATA ELEMENTS--GENERAL INFORMATION | |
| fixed length control field | 951114s1986 ne eng u |
| 035 ## - SYSTEM CONTROL NUMBER | |
| System control number | (Sirsi) r50547 |
| 035 ## - SYSTEM CONTROL NUMBER | |
| System control number | (UPRA)tmp15939081 |
| 040 ## - CATALOGING SOURCE | |
| Transcribing agency | UPRA |
| 100 1# - MAIN ENTRY--PERSONAL NAME | |
| Personal name | Vingerhoets, Jan. |
| Linkage | A8453.1 |
| 245 10 - TITLE STATEMENT | |
| Title | Fabrication of copper and copper semis in developing countries : |
| Remainder of title | a review of evidence and opportunities. |
| 260 ## - PUBLICATION, DISTRIBUTION, ETC. | |
| Place of publication, distribution, etc. | Tilburg : |
| Name of publisher, distributor, etc. | Tilburg University, |
| Date of publication, distribution, etc. | 1986. |
| 949 ## - LOCAL PROCESSING INFORMATION (OCLC) | |
| a | HD9539 |
| w | lcc |
| i | -63900 |
| m | MAIN |
| t | BOOK |
| l | ON-SHELF |
| 949 ## - LOCAL PROCESSING INFORMATION (OCLC) | |
| a | HD9539 |
| w | lcc |
| i | -63901 |
| m | MAIN |
| t | BOOK |
| l | ON-SHELF |
No items available.